Manchester United - kadra w sezonie 2019/20 - Statystyki

Ogólne statystyki
  • Ten quiz został rozwiązany 18 razy
  • Średni wynik to 20 z 38
Statystyki odpowiedzi
Hint Odpowiedź % Poprawnych
1 Bramkarz Hiszpania David de Gea
100%
3 Obrońca WKS Eric Bailly
100%
10 Napastnik Anglia Marcus Rashford
100%
6 Pomocnik Francja Paul Pogba
100%
2 Obrońca Szwecja Victor Lindelöf
100%
9 Napastnik Francja Anthony Martial
92%
5 Obrońca Anglia Harry Maguire
92%
18 Pomocnik Portugalia Bruno Fernandes
85%
17 Pomocnik Brazylia Fred
85%
8 Pomocnik Hiszpania Juan Mata
85%
23 Obrońca Anglia Luke Shaw
85%
39 Pomocnik Szkocja Scott McTominay
85%
16 Obrońca Argentyna Marcos Rojo
77%
22 Bramkarz Argentyna Sergio Romero
77%
29 Obrońca Anglia Aaron Wan-Bissaka
69%
4 Obrońca Anglia Phil Jones
69%
20 Obrońca Portugalia Diogo Dalot
62%
14 Pomocnik Anglia Jesse Lingard
62%
31 Pomocnik Serbia Nemanja Matić
62%
18 Obrońca Anglia Ashley Young
54%
21 Pomocnik Walia Daniel James
54%
15 Pomocnik Brazylia Andreas Pereira
46%
38 Obrońca Anglia Axel Tuanzebe
46%
13 Bramkarz Anglia Lee Grant
46%
25 Napastnik Nigeria Odion Ighalo
46%
24 Obrońca Holandia Timothy Fosu-Mensah
46%
26 Napastnik Anglia Mason Greenwood
38%
44 Napastnik Holandia Tahith Chong
38%
53 Obrońca Anglia Brandon Williams
23%
28 Pomocnik Anglia Angel Gomes
15%
37 Pomocnik Anglia James Garner
8%
58 Obrońca Anglia Di'Shon Bernard
0%
49 Napastnik Anglia D'Mani Mellor
0%
63 Pomocnik Walia Dylan Levitt
0%
54 Pomocnik Irlandia Północna Ethan Galbraith
0%
41 Obrońca Anglia Ethan Laird
0%
59 Napastnik Belgia Largie Ramazani
0%
71 Obrońca Anglia Teden Mengi
0%
Nie znaleziono quizów pasujących do podanych kryteriów
Rozkład punktacji
Procent ludzi z każdym wynikiem
Percentyl według liczby udzielonych odpowiedzi
Twoja historia wyników
Nie rozwiązałeś tego quizu